| 000 | 01441nam a22003377a 4500 | ||
|---|---|---|---|
| 999 |
_c22463 _d22463 |
||
| 001 | 3085088 | ||
| 003 | BDDh-ASL | ||
| 005 | 20231015030133.0 | ||
| 007 | hduafb---bacp | ||
| 007 | hdubfb---baap | ||
| 008 | 980205m19589999ii ab ab f001 0 eng | ||
| 010 | _a 97908417 | ||
| 025 | _aNBIL-10891 | ||
| 040 |
_aDLC _cDLC _dBDDh-ASL |
||
| 042 | _alcode | ||
| 043 | _aa-ii--- | ||
| 050 | 0 | 0 | _aMicrofilm BUL-ENG-323 (D) |
| 082 |
_a954 _bFOR |
||
| 245 | 0 | 0 |
_aFort William--India House correspondence, and other contemporary papers relating thereto, Vol.-2, 1757-1759 / _cedited by H. N. Sinha. |
| 260 |
_aDelhi : _bPublished for the National Archives of India, by the Manager of Publications, Govt. of India, _c1957. |
||
| 300 |
_av-2, 512 p. : _bill., maps ; _c26 cm. |
||
| 440 | 0 |
_aIndian records series. _pPublic series |
|
| 504 | _aIncludes bibliographical references and index. | ||
| 533 |
_aMicrofilm. _bNew Delhi : _cLibrary of Congress Office ; _bChicago : _cAvailable from Center for Research Libraries, _d1997- . _eOn 1 microfilm reel with other items ; 35 mm. _f(SAMP early 20th-century Indian books project ; item 10891) _nMaster microform held by: ICRL. |
||
| 651 | 0 |
_aIndia _xHistory _y18th century _xSources. |
|
| 700 | 1 |
_aSinha, H. N. _93228 |
|
| 830 | 0 |
_aSAMP early 20th-century Indian books project ; _vitem 10891. |
|
| 906 |
_a7 _bcbc _corigode _d5 _encip _f19 _gy-genmicro |
||
| 942 |
_2ddc _cBK |
||